عرض عادي
عرض مارك
- Hughes, Bob.
مدخل إسم شخص
001 - رقم الضبط
- حقل الضبط: 4241
003 - معرف رقم الضبط
- حقل الضبط: OSt
005 - تاريخ ووقت أخر عملية
- حقل الضبط: 20110911091013.0
008 - عناصر بيانات ثابتة الطول
- حقل تحكم ثابت الطول: 110911|||a|||||| | ||| d
040 ## - مصدر الفهرسة
- هيئة الفهرسة الأصلية: OSt
- وكالة الكتابة: OSt
100 ## - مدخل -- أسم شخص
- إسم شخص: Hughes, Bob.
- تواريخ مرتبطة بالاسم: 1931-
670 ## - بيانات المصدر موجوده
- الاستشهاد بالمصدر: Work cat.: (OSt)0: Hughes, Bob. 1931-, Software project management /, 2009
